Bài học thương trường từ Sam-Walton : bí quyết tồn tại và phát triển trước tập đoàn bán lẻ lớn nhất thế giới Wal-Mart /

Enregistré dans:
Détails bibliographiques
Auteur principal: Bergdahl, Michael
Format: Livre
Langue:Vietnamese
Publié: TRT 2008
Tags: Ajouter un tag
Pas de tags, Soyez le premier à ajouter un tag!
Thư viện lưu trữ: Mạng thư viện Đại học Đà Nẵng
LEADER 00768nam a2200265 4500
001 000027030
003 BE-MK
005 20150403120000.0
008 150403s vm 000 vie
020 |c 0,0000 
040 |a notts 
100 |a Bergdahl, Michael 
245 |a Bài học thương trường từ Sam-Walton : bí quyết tồn tại và phát triển trước tập đoàn bán lẻ lớn nhất thế giới Wal-Mart /  |c Michael Bergdahl ; người dịch : Thu Hương. 
260 |b TRT  |c 2008 
OWN |a LTT 
999 |a From the UDN01 
TYP |a Monograph 
TYP |a Printed language 
980 |a Mạng thư viện Đại học Đà Nẵng